| Tag |
First Indicator |
Second Indicator |
Subfields |
| LEADER |
00000cam a2200000 a 4500 |
| 001 |
in00000048964 |
| 005 |
20151007075759.0 |
| 008 |
790910s1978 ii a b 10110 engm |
| 010 |
|
|
|a 78913192
|
| 035 |
|
|
|a (OCoLC)05673550
|
| 035 |
|
|
|9 AAF3798AM
|
| 040 |
|
|
|a DLC
|c DLC
|d m.c.
|d TXA
|d UtOrBLW
|
| 049 |
|
|
|a TXAM
|c [1196481]
|
| 050 |
0 |
0 |
|a QC786.4
|b S96 1976
|
| 082 |
0 |
|
|a 621.48/31
|
| 111 |
2 |
|
|a Symposium on Reactor Physics
|d (1976 :
|c Bhabha Atomic Research Centre)
|
| 245 |
1 |
0 |
|a Proceedings of the Symposium on Reactor Physics :
|b Bhabha Atomic Research Centre, March 1-3, 1976 /
|c organised by Engineering Sciences Committee of the Department of Atomic Energy, Government of India.
|
| 264 |
|
1 |
|a [Bombay?] :
|b Library & Information Services, BARC,
|c 1978.
|
| 300 |
|
|
|a xi, 650 pages :
|b illustrations ;
|c 25 cm.
|
| 336 |
|
|
|a text
|b txt
|2 rdacontent
|
| 337 |
|
|
|a unmediated
|b n
|2 rdamedia
|
| 338 |
|
|
|a volume
|b nc
|2 rdacarrier
|
| 504 |
|
|
|a Includes bibliographical references and index.
|
| 650 |
|
0 |
|a Nuclear reactors
|v Congresses.
|
| 710 |
1 |
|
|a India.
|b Department of Atomic Energy.
|b Engineering Sciences Committee.
|
| 999 |
|
|
|a MARS
|
| 999 |
f |
f |
|s 9b22eeb7-53bc-37cf-8e58-0d06376a4e3f
|i 949e8e43-a049-31c9-8861-3b1a12ec59b0
|t 0
|
| 952 |
f |
f |
|p ric
|a Texas A&M University
|b Rellis Campus
|c Joint Library Facility
|d Remote Storage
|t 0
|e QC786.4 S96 1976
|h Library of Congress classification
|i unmediated -- volume
|m A14807362599
|
| 998 |
f |
f |
|a QC786.4 S96 1976
|t 0
|l Remote Storage
|